=LDR 00000nam 2200000 4500 =001 INLIS000000000029560 =005 20130612131802 =008 ***********************************Ind** =035 ##$$0010-061300000029560 =041 ##$$a Ind =082 ##$$a 808.882 =090 ##$$a 808.882, Amb e =100 ##$$a Ambarningrum, Pertiwi =245 ##$$a Enriching our vocabulary though anecdots, Pertiwi Amarningrum =260 ##$$a 1997 $b Jakarta =300 ##$$a 101 hlm, 21 cm =650 ##$$a Kumpulan Kesusastraan =850 ##$$a NBPNMAT